[Event "Tourn. n9700"]
[Site "www.chess-mail.com"]
[Date "2018.02.18"]
[Round "1"]
[White "Falcoale"]
[Black "Hundegana"]
[WhiteElo "1920"]
[BlackElo "2010"]
[Result "0-1"]
[Round "1"]
1.e4 c5
2.Ng1f3 g6
3.d4 Bf8g7
4.d5 d6
5.b3 Bg7xa1
6.c3 Ng8f6
7.Qd1c2 Bc8g4
8.Bf1e2 Bg4xf3
9.Be2xf3 Nb8d7
10.Bc1d2 Nd7e5
11.O-O c4
12.Nb1a3 cxb3
13.axb3 Ne5xf3
14.gxf3 Ba1xc3
15.Bd2xc3 Ra8c8
16.Qc2b2 O-O
17.Na3c4 Rf8e8
18.Rf1e1 Nf6h5
19.Bc3d2 f6
20.Kh1 Qd8d7
21.Re1g1 Qd7h3
22.Bd2e1 Qh3xf3
23.Rg1g2 Nh5f4
24.Nc4e3 Qf3xe4
25.b4 Nf4xg2
26.Ne3xg2 Rc8c2
27.Qb2b1 Re8c8
28.b5 Qe4xd5
29.Kg1 Qd5g5
30.Kf1 Rc2c1
31.Qb1a2 Kg7
32.Qa2xa7 Qg5xb5
33.Kg1 Rc1xe1
34.Ng2xe1 Rc8c1
35.Qa7e3 Rc1xe1
36.Qe3xe1 e5
37.Qe1c1 Qb5c6
38.Qc1a3 Qc6c7
39.Qa3a7 d5
{ resign }
0-1

[Event "Match"]
[Site "www.echecsemail.com"]
[Date "2018.02.18"]
[Round "1"]
[White "Chapi"]
[Black "Apdash"]
[WhiteElo "2100"]
[BlackElo "2180"]
[Result "0-1"]
[Round "1"]
1.d4 d5
2.c4 e6
3.Nb1c3 Ng8f6
4.Bc1g5 Bf8e7
5.Ng1f3 c6
6.cxd5 Nf6xd5
7.Bg5xe7 Qd8xe7
8.e4 Nd5f4
9.Nc3e2 Qe7b4
10.Qd1d2 Nf4d3
11.Kd1 Nd3xf2
12.Ke1 Qb4xd2
13.Kxd2 Nf2xh1
14.Ke3 Nb8d7
15.g4 Nd7f6
16.h3 b6
17.Bf1g2 Bc8b7
18.Bg2xh1 O-O
19.Ra1c1 Rf8c8
20.Nf3e5 Kf8
21.Ne5c4 Nf6e8
22.Ne2f4 g5
23.Nf4d3 Ke7
24.e5 Ra8b8
25.Nd3f2 f5
26.exf6 Ne8xf6
27.Nf2e4 Nf6xe4
28.Bh1xe4 h6
29.Nc4e5 c5
30.Be4xb7 cxd4
{ resign }
0-1

[Event "Match"]
[Site "www.echecsemail.com"]
[Date "2018.02.18"]
[Round "1"]
[White "Caroluigi"]
[Black "Muderfuger"]
[WhiteElo "1660"]
[BlackElo "1610"]
[Result "1-0"]
[Round "1"]
1.d4 Nb8c6
2.e4 Ng8f6
3.Nb1c3 g6
4.Ng1f3 e6
5.Bc1g5 Bf8b4
6.e5 Bb4e7
7.exf6 Be7xf6
8.Bg5h6 Nc6b4
9.Qd1d2 d5
10.a3 Nb4a6
11.Qd2f4 b5
12.Bf1xb5 c6
13.Bb5xc6 Bc8d7
14.Bc6xa8 Qd8xa8
15.Qf4xf6 Rh8g8
16.Nf3e5 Qa8b8
17.Bh6g5 Kf8
18.Qf6xf7 
1-0

[Event "Match"]
[Site "www.echecsemail.com"]
[Date "2018.02.18"]
[Round "1"]
[White "Babedad"]
[Black "Liencam2"]
[WhiteElo "2050"]
[BlackElo "2270"]
[Result "0-1"]
[Round "1"]
1.b3 d5
2.Bc1b2 c5
3.e3 Nb8c6
4.Bf1b5 Ng8f6
5.Ng1e2 Qd8c7
6.O-O e5
7.Bb5xc6 bxc6
8.d3 Bf8d6
9.Nb1d2 O-O
10.e4 Bc8e6
11.f4 exf4
12.Bb2xf6 gxf6
13.Nd2f3 Kh8
14.Qd1d2 dxe4
15.dxe4 Ra8d8
16.Qd2e1 Rf8g8
17.Qe1h4 Rg8g6
18.Kh1 Rd8g8
19.Rf1g1 Bd6e5
20.Ra1d1 Be6g4
21.Qh4f2 Qc7e7
22.c4 f5
23.exf5 Bg4xf5
24.Nf3h4 Rg6g5
25.Nh4xf5 Rg5xf5
26.Qf2f3 Qe7f6
27.Rd1d2 Rg8e8
28.Rg1d1 Re8g8
29.Rd2d7 Rf5g5
30.Rd1g1 Be5d4
31.Ne2xd4 cxd4
32.Rd7xa7 Rg5g3
33.Qf3h5 Rg8g6
34.Qh5c5 Rg6g8
35.Qc5h5 Rg3g6
36.Ra7a5 d3
37.Ra5f5 Rg6g5
38.Rf5xg5 Rg8xg5
39.Qh5f3 Rg5g3
40.Qf3e4 Rg3e3
{ resign }
0-1

[Event "Match"]
[Site "www.echecsemail.com"]
[Date "2018.02.18"]
[Round "1"]
[White "Azocarwagner"]
[Black "Whitekknight"]
[WhiteElo "1860"]
[BlackElo "1970"]
[Result "0-1"]
[Round "1"]
1.e4 e5
2.Ng1f3 Nb8c6
3.Bf1b5 Ng8f6
4.Bb5xc6 dxc6
5.Nf3xe5 Qd8d4
6.Ne5f3 Qd4xe4
7.Kf1 Bc8g4
8.Qd1e1 Bg4xf3
9.Qe1xe4 Bf3xe4
10.d3 Be4f5
11.Bc1g5 Bf8e7
12.Nb1d2 h6
13.Bg5xf6 Be7xf6
14.Ra1e1 Bf5e6
15.b4 O-O
16.a4 Bf6c3
17.Re1d1 Bc3xb4
18.Ke2 Rf8e8
19.Kf1 Ra8d8
20.Nd2e4 Be6f5
21.c3 Bf5xe4
22.cxb4 Be4xd3
23.Kg1 Bd3c2
24.Rd1c1 Bc2d1
25.Kf1 Bd1xa4
26.g4 Rd8d1
27.Kg2 Rd1xh1
28.Kxh1 Re8e2
29.Kg1 Re2b2
30.Rc1e1 Kf8
31.Re1a1 b5
32.Ra1c1 Rb2c2
33.Rc1xc2 Ba4xc2
{ resign }
0-1

[Event "Match"]
[Site "www.echecsemail.com"]
[Date "2018.02.18"]
[Round "1"]
[White "Goofy"]
[Black "Apdash"]
[WhiteElo "2370"]
[BlackElo "2220"]
[Result "1/2-1/2"]
[Round "1"]
1.e4 e5
2.Ng1f3 Nb8c6
3.Bf1c4 Bf8c5
4.b4 Bc5xb4
5.c3 Bb4a5
6.d4 exd4
7.O-O dxc3
{ draw }
1/2-1/2

[Event "Match"]
[Site "www.echecsemail.com"]
[Date "2018.02.18"]
[Round "1"]
[White "Coraza8091"]
[Black "Begory"]
[WhiteElo "1540"]
[BlackElo "1570"]
[Result "1-0"]
[Round "1"]
1.Ng1f3 d5
2.d4 Bc8f5
3.Nb1c3 Nb8c6
4.a3 e6
5.e3 Ng8f6
6.Bf1b5 Qd8d6
7.Nf3e5 a6
8.Bb5xc6 bxc6
9.O-O Nf6e4
10.f3 Ne4xc3
11.bxc3 f6
12.Ne5g4 h5
13.Ng4f2 O-O-O
14.a4 c5
15.Bc1a3 Qd6c6
16.Qd1b1 Kd7
17.Rf1d1 Qc6xa4
18.Ba3xc5 Qa4c6
19.f4 Bf8xc5
20.dxc5 Qc6xc5
21.Ra1xa6 Qc5xe3
22.Qb1b5 Ke7
23.Qb5c6 Rd8d6
24.Qc6xc7 Rd6d7
25.Qc7a5 Bf5xc2
26.Qa5b4 Kf7
27.Rd1a1 Rh8e8
28.Qb4b5 Rd7c7
29.c4 Rc7xc4
30.Ra6a7 Kg6
31.Qb5xe8 Kh6
32.Qe8h8 Kg6
33.Qh8xg7 Kf5
34.Qg7h7 Kxf4
35.Qh7h6 { resign }
1-0

[Event "Match"]
[Site "www.echecsemail.com"]
[Date "2018.02.18"]
[Round "1"]
[White "Virgil08bv"]
[Black "Gvladutz"]
[WhiteElo "1499"]
[BlackElo "2480"]
[Result "1/2-1/2"]
[Round "1"]
1.e4 e5
2.Ng1f3 Nb8c6
3.Bf1b5 a6
4.Bb5a4 Ng8f6
5.O-O Bf8e7
6.Rf1e1 b5
7.Ba4b3 d6
8.c3 O-O
9.h3 Nf6d7
10.d4 Be7f6
11.a4 Bc8b7
12.Nb1a3 exd4
13.cxd4 Nd7b6
14.axb5 axb5
15.Bc1f4 b4
16.Na3b5 Ra8xa1
17.Qd1xa1 Qd8d7
18.d5 Nc6e5
19.Bf4xe5 dxe5
20.Qa1a5 Rf8a8
21.Qa5xb4 Bf6e7
22.d6 cxd6
23.Nb5c3 Qd7d8
24.Bb3a2 Bb7c6
25.Qb4b3 Bc6e8
26.Qb3c2 Qd8c7
27.Re1c1 Ra8c8
28.Qc2d1 Qc7c6
29.b4 Nb6a4
30.Nc3e2 Qc6b7
31.Rc1xc8 Qb7xc8
32.Qd1d2 Kf8
33.Ba2b3 Qc8c6
34.Bb3d5 Qc6b5
35.Ne2g3 Na4b6
36.Bd5b3 g6
37.h4 Kg7
38.h5 f6
39.Nf3h4 Be8d7
40.h6 Kh8
41.Bb3f7 d5
42.exd5 Qb5xb4
43.Qd2xb4 Be7xb4
44.Ng3e4 Bd7a4
45.Nh4f3 f5
46.Ne4g5 Bb4f8
47.Nf3xe5 Bf8xh6
48.f4 Bh6f8
49.Kf2 Bf8d6
50.Ke3 Kg7
51.Bf7e6 Bd6c5
52.Kd2 h6
53.Ng5f3 Ba4b3
54.Nf3h4 Kf6
55.Ne5d3 Bc5d6
56.Nd3e5 Bb3xd5
{ draw }
1/2-1/2

[Event "Match"]
[Site "www.echecsemail.com"]
[Date "2018.02.18"]
[Round "1"]
[White "Irene"]
[Black "Coraza"]
[WhiteElo "2030"]
[BlackElo "1770"]
[Result "1-0"]
[Round "1"]
1.d4 e6
2.e4 d5
3.e5 Ng8e7
4.Ng1f3 c6
5.Nf3g5 Ne7g6
6.Qd1f3 Qd8e7
7.Bf1d3 Ng6h4
8.Qf3g4 Nh4g6
{ time. }
1-0

[Event "Match"]
[Site "www.echecsemail.com"]
[Date "2018.02.18"]
[Round "1"]
[White "Virgil08bv"]
[Black "Gvladutz"]
[WhiteElo "1499"]
[BlackElo "2510"]
[Result "1/2-1/2"]
[Round "1"]
1.e4 c6
2.d4 d5
3.e5 Bc8f5
4.Nb1c3 Qd8b6
5.Bf1d3 Bf5xd3
6.Qd1xd3 e6
7.Ng1e2 Ng8e7
8.O-O Qb6a6
9.Qd3h3 Nb8d7
10.a4 Qa6b6
11.a5 Qb6a6
12.Bc1e3 h6
13.f4 Ne7f5
14.Be3f2 Bf8b4
15.g4 Nf5e7
16.f5 c5
17.Ne2f4 g5
18.fxe6 fxe6
19.Nf4d3 Bb4xc3
20.bxc3 O-O-O
21.Nd3xc5 Nd7xc5
22.dxc5 Rd8f8
23.Qh3d3 Rf8f4
24.Bf2g3 Rf4xg4
25.Qd3f3 h5
26.Qf3f6 Rh8e8
{ draw }
1/2-1/2

[Event "1/32 Finale"]
[Site "www.chess-mail.com"]
[Date "2018.02.18"]
[Round "1"]
[White "Bojan"]
[Black "Hennie4820"]
[WhiteElo "2050"]
[BlackElo "2010"]
[Result "0-1"]
[Round "1"]
1.e4 c5
2.Ng1f3 e6
3.d4 cxd4
4.Nf3xd4 Ng8f6
5.Bf1d3 d6
6.Nd4f3 Nb8c6
7.Nb1c3 a6
8.a3 Qd8c7
9.h3 Bf8e7
10.Bc1e3 O-O
11.Nc3e2 Nc6e5
12.Nf3xe5 dxe5
13.Ne2g3 b5
14.O-O Bc8b7
15.Ng3h5 Bb7xe4
16.Nh5xf6 Be7xf6
17.Ra1c1 Qc7b7
18.f3 Be4xd3
19.Qd1xd3 Ra8d8
20.Qd3e2 e4
21.f4 Bf6xb2
22.Rc1b1 Bb2xa3
23.c4 b4
24.Rb1b3 a5
25.f5 a4
26.Rb3xa3 bxa3
27.fxe6 fxe6
28.Rf1a1 Rd8d3
29.Be3c5 Rf8d8
30.Bc5xa3 Rd3d2
31.Qe2g4 Qb7b6
32.c5 Qb6c6
33.Ra1e1 Rd8d4
34.Qg4g3 h6
35.Re1e3 Rd2d3
36.Ba3b2 Rd3xe3
37.Qg3xe3 Rd4d1
38.Kh2 Rd1d3
39.Qe3c1 Qc6c7
40.Kh1 e3
41.Kg1 Qc7f4
42.c6 Qf4f2
43.Kh2 Rd3d2
{ resign }
0-1

[Event "Fast Game"]
[Site "www.echecsemail.com"]
[Date "2018.02.18"]
[Round "1"]
[White "Stevep84"]
[Black "Zack1984"]
[WhiteElo "1990"]
[BlackElo "1599"]
[Result "1-0"]
[Round "1"]
1.e4 c5
2.Ng1f3 Nb8c6
3.d4 cxd4
4.Nf3xd4 e5
5.Nd4b5 Ng8f6
6.Nb1c3 d6
7.Bc1g5 a6
8.Nb5a3 Bc8e6
9.Na3c4 b5
10.Bg5xf6 Qd8xf6
11.Nc4xd6 Bf8xd6
{ time. }
1-0

[Event "Tourn. n9700"]
[Site "www.chess-mail.com"]
[Date "2018.02.19"]
[Round "1"]
[White "Osopanda"]
[Black "Caspito"]
[WhiteElo "1840"]
[BlackElo "1960"]
[Result "0-1"]
[Round "1"]
1.e4 e5
2.Ng1f3 Nb8c6
3.Bf1b5 a6
4.Bb5a4 Ng8e7
5.O-O g6
6.d4 b5
7.Ba4b3 Bf8g7
8.c3 O-O
9.Bc1e3 Bc8b7
10.Nb1d2 d5
11.exd5 Ne7xd5
12.dxe5 Nc6xe5
13.Nf3xe5 Bg7xe5
14.Nd2f3 Qd8d6
15.Nf3xe5 Qd6xe5
16.Be3d4 Qe5f5
17.Bb3c2 Qf5g5
18.Qd1f3 Ra8b8
19.Qf3g3 Qg5xg3
20.hxg3 f5
21.f4 Rf8e8
22.Ra1e1 a5
23.Re1xe8 Rb8xe8
24.Kf2 h6
25.Kf3 Nd5xc3
26.Kf2 Re8e2
27.Kg1 Re2xg2
28.Kh1 Rg2xc2
{ resign }
0-1

[Event "Tourn. n9688"]
[Site "www.chess-mail.com"]
[Date "2018.02.19"]
[Round "1"]
[White "Tartan"]
[Black "Jazzy"]
[WhiteElo "2550"]
[BlackElo "2260"]
[Result "1-0"]
[Round "1"]
1.e4 e5
2.Ng1f3 Ng8f6
3.Nf3xe5 d6
4.Ne5f3 Nf6xe4
5.d4 Bf8e7
6.Bf1d3 Ne4f6
7.h3 O-O
8.O-O Nb8d7
9.c4 Rf8e8
10.Nb1c3 Nd7f8
11.Qd1b3 Nf8g6
12.Bc1g5 c6
13.Rf1e1 Qd8c7
14.Bg5xf6 gxf6
15.Qb3c2 Bc8d7
16.Bd3f5 Be7f8
17.Ra1d1 Bd7xf5
18.Qc2xf5 Bf8g7
19.Nc3e4 Qc7d8
20.d5 c5
21.Re1e3 Qd8e7
22.Ne4xc5 Ng6e5
23.Nf3xe5 fxe5
24.Nc5e4 Ra8c8
25.Re3g3 { resign }
1-0

[Event "Tourn. n9704"]
[Site "www.chess-mail.com"]
[Date "2018.02.19"]
[Round "1"]
[White "Julian"]
[Black "Iko"]
[WhiteElo "1800"]
[BlackElo "1670"]
[Result "1-0"]
[Round "1"]
1.e4 e5
2.Ng1f3 Ng8f6
3.d3 Bf8d6
4.g3 O-O
5.Bf1g2 Rf8e8
6.O-O Re8e6
7.c3 Nf6g4
8.h3 Ng4h6
9.Bc1e3 b5
10.Nb1d2 Bc8a6
11.Qd1c2 Nb8c6
12.Ra1d1 b4
13.Nf3g5 Re6f6
14.f4 exf4
15.gxf4 bxc3
16.Qc2xc3 Ra8b8
17.Nd2c4 Ba6xc4
18.e5 Bd6b4
19.Qc3xc4 Rf6f5
20.Bg2e4 Rf5xg5
21.fxg5 Nc6a5
22.Qc4c2 d5
23.gxh6 dxe4
24.Qc2g2 exd3
25.Qg2xg7 
1-0

[Event "Tourn. n9718"]
[Site "www.chess-mail.com"]
[Date "2018.02.19"]
[Round "1"]
[White "Bojan"]
[Black "Malbertan"]
[WhiteElo "1950"]
[BlackElo "1920"]
[Result "0-1"]
[Round "1"]
1.e4 b6
2.a4 Bc8b7
3.f3 e6
4.a5 Bf8d6
5.axb6 Qd8h4
6.Ke2 cxb6
7.d3 Nb8c6
8.Bc1e3 Bd6f4
9.Be3f2 Qh4f6
10.c3 Ng8e7
11.Ng1h3 Bf4c7
12.Nb1d2 O-O
13.Bf2e3 d5
14.Nh3f2 d4
15.Nf2g4 Qf6g6
16.cxd4 f5
17.Ng4e5 Nc6xe5
18.dxe5 Bc7xe5
19.Ra1c1 fxe4
20.dxe4 Ra8d8
21.Qd1a4 Be5b8
22.Kf2 Qg6f6
23.Rc1c2 Ne7g6
24.g3 Ng6e5
25.Bf1g2 Ne5g4
26.Ke2 Ng4xe3
27.Kxe3 a6
28.Rh1f1 b5
29.Qa4a2 Bb8a7
30.Ke2 Ba7b6
31.Nd2b3 Rd8c8
32.Rf1c1 Rc8xc2
33.Rc1xc2 Qf6h6
34.f4 Qh6xh2
35.Kf3 Qh2h5
36.g4 Qh5h2
37.Nb3a5 Rf8xf4
{ resign }
0-1

[Event "Tourn. n9708"]
[Site "www.chess-mail.com"]
[Date "2018.02.19"]
[Round "1"]
[White "Begory"]
[Black "Caroluigi"]
[WhiteElo "1490"]
[BlackElo "1740"]
[Result "1/2-1/2"]
[Round "1"]
1.d4 Ng8f6
2.Bc1f4 d5
3.Nb1c3 c6
4.Ng1f3 e6
5.e3 Nb8d7
6.Bf1d3 Qd8b6
7.Ra1b1 Qb6a5
8.O-O b5
9.a3 Bc8a6
10.Nf3d2 c5
11.dxc5 Nd7xc5
12.b4 Qa5xa3
13.Nc3xb5 Ba6xb5
14.Bd3xb5 Nc5d7
15.Rb1b3 Qa3a2
16.Qd1a1 Qa2xc2
17.Rb3d3 Qc2c8
18.Rf1c1 Qc8d8
19.Qa1a4 Qd8e7
20.Bb5c6 Ra8c8
21.Qa4xa7 Rc8xc6
22.Rc1xc6 Qe7xb4
23.Rc6c7 Nf6e4
24.Rc7xd7 Ne4xd2
25.h3 Qb4b1
26.Kh2 Nd2f1
{ draw }
1/2-1/2

[Event "Tourn. n9715"]
[Site "www.chess-mail.com"]
[Date "2018.02.19"]
[Round "1"]
[White "Julian"]
[Black "Susov"]
[WhiteElo "1800"]
[BlackElo "1770"]
[Result "1-0"]
[Round "1"]
1.e4 e5
2.Ng1f3 Nb8c6
3.d4 exd4
4.Nf3xd4 Nc6xd4
5.Qd1xd4 Qd8f6
6.Bc1e3 b6
7.Bf1c4 Bc8b7
8.Nb1c3 Bf8b4
9.O-O Bb4xc3
{ time. }
1-0

[Event "Tourn. n9678"]
[Site "www.chess-mail.com"]
[Date "2018.02.19"]
[Round "1"]
[White "Passaroa25"]
[Black "Caspito"]
[WhiteElo "1680"]
[BlackElo "1900"]
[Result "0-1"]
[Round "1"]
1.Nb1c3 Ng8f6
2.Ng1f3 Nb8c6
3.d3 e5
4.e4 Bf8b4
5.a3 Bb4xc3
6.bxc3 d6
7.Bc1d2 Bc8g4
8.Bf1e2 Bg4xf3
9.Be2xf3 Qd8d7
10.O-O O-O
11.Qd1c1 b5
12.Qc1b2 a6
13.Bd2e3 Ra8b8
14.Be3d2 a5
15.Bd2e3 b4
16.axb4 axb4
17.c4 Nf6g4
18.Bf3xg4 Qd7xg4
19.f3 Qg4g6
20.g4 Nc6e7
21.h4 Qg6f6
22.Be3g5 Qf6e6
23.h5 h6
24.Bg5d2 c5
25.Qb2b3 Kh7
26.Kg2 Rf8g8
27.Ra1e1 g6
28.c3 gxh5
29.Kf2 hxg4
30.Ke3 g3
31.Rf1g1 Qe6h3
32.Re1e2 Ne7g6
33.Re2g2 Ng6f4
34.Rg2xg3 Rg8xg3
35.Rg1xg3 Qh3xg3
36.d4 Qg3g1

0-1

[Event "Tourn. n9672"]
[Site "www.chess-mail.com"]
[Date "2018.02.19"]
[Round "1"]
[White "Orhany24"]
[Black "Apdash"]
[WhiteElo "2110"]
[BlackElo "2290"]
[Result "0-1"]
[Round "1"]
1.e4 e5
2.Ng1f3 Nb8c6
3.Bf1c4 Bf8c5
4.O-O Ng8f6
5.c3 d6
6.d4 exd4
7.cxd4 Bc5b6
8.Nb1c3 Bc8g4
9.Bc1g5 Bb6xd4
10.h3 Bg4h5
11.g4 Bd4xc3
12.bxc3 Bh5g6
13.Rf1e1 Qd8d7
14.Nf3d4 Nc6e5
15.Bc4b3 Nf6xe4
16.Re1xe4 Bg6xe4
17.Qd1e2 Be4d3
18.Qe2e3 c5
19.Nd4f3 f6
20.Nf3xe5 dxe5
21.Qe3xc5 Ra8c8
22.Qc5a5 b6
23.Qa5a3 Qd7e7
24.Qa3xe7 Kxe7
25.Bg5d2 Bd3c4
26.f4 Bc4xb3
27.axb3 Rc8c7
28.fxe5 fxe5
29.c4 Ke6
30.Ra1e1 Rh8e8
31.Bd2c3 Kf6
32.h4 Rc7d7
33.Kf2 Rd7d3
34.Re1e3 Rd3xe3
35.Kxe3 Ke6
36.Ke4 Kd6
37.Bc3b4 Ke6
38.Bb4c3 Kd6
39.Bc3b4 Kc6
40.Bb4c3 b5
41.cxb5 Kxb5
42.Bc3xe5 g6
43.Kf4 Kb4
44.Be5d4 a6
45.Kg5 Kxb3
46.Bd4f6 Re8e4
47.h5 a5
48.hxg6 hxg6
{ resign }
0-1

[Event "Tourn. n9727"]
[Site "www.chess-mail.com"]
[Date "2018.02.19"]
[Round "1"]
[White "Bojan"]
[Black "Tevere"]
[WhiteElo "1920"]
[BlackElo "2070"]
[Result "0-1"]
[Round "1"]
1.e4 e5
2.Ng1f3 Nb8c6
3.c3 d5
4.exd5 Qd8xd5
5.b3 Bc8g4
6.Bf1e2 Bf8c5
7.c4 Qd5d6
8.Bc1b2 Ng8f6
9.Nb1c3 e4
10.Nf3h4 Qd6f4
11.f3 e3
12.g3 exd2
13.Qd1xd2 Qf4xd2
14.Kxd2 O-O-O
15.Kc1 Bg4e6
16.Rh1f1 Bc5e3
17.Kb1 Nc6d4
18.Be2d1 g5
19.Nh4g2 Be6f5
20.Nc3e4 Nf6xe4
21.Ng2xe3 Ne4c3
22.Kc1 Nd4e2
23.Bd1xe2 Nc3xe2
{ resign }
0-1

[Event "Tourn. n9624"]
[Site "www.chess-mail.com"]
[Date "2018.02.19"]
[Round "1"]
[White "Szustan"]
[Black "Tartan"]
[WhiteElo "2510"]
[BlackElo "2560"]
[Result "1/2-1/2"]
[Round "1"]
1.e4 e5
2.Ng1f3 Nb8c6
3.Nb1c3 Ng8f6
4.d4 exd4
5.Nc3d5 Bf8e7
6.Bf1c4 O-O
7.O-O d6
8.Nf3xd4 Nc6xd4
9.Qd1xd4 Nf6xd5
10.Bc4xd5 Be7f6
11.Qd4d3 Rf8e8
12.c3 Qd8e7
13.Bc1f4 Ra8b8
14.Ra1d1 Bc8g4
15.f3 Bg4e6
16.Rf1e1 Bf6e5
17.Bf4xe5 dxe5
18.b4 Rb8d8
19.Qd3c4 Be6c8
20.b5 a6
21.bxa6 c6
22.Bd5xf7 Qe7xf7
23.Qc4xf7 Kxf7
24.a7 Bc8e6
25.Rd1xd8 Re8xd8
26.Re1b1 b5
27.a4 Rd8a8
28.axb5 Ra8xa7
29.bxc6 Ra7a6
30.Rb1b5 Ra6xc6
31.Rb5xe5 Rc6xc3
32.h4 Kf6
33.Re5b5 Be6d7
{ draw }
1/2-1/2

[Event "Tourn. n9723"]
[Site "www.chess-mail.com"]
[Date "2018.02.19"]
[Round "1"]
[White "Add"]
[Black "Falcoale"]
[WhiteElo "2100"]
[BlackElo "1980"]
[Result "1-0"]
[Round "1"]
1.c4 c5
2.Nb1c3 e6
3.e4 Nb8c6
4.Ng1f3 a6
5.d3 d6
6.h3 Ng8f6
7.Bc1g5 h6
8.Bg5h4 Bf8e7
9.b3 O-O
10.Ra1b1 Qd8c7
11.Nf3h2 Rf8e8
12.Bf1e2 Nf6xe4
13.Nc3xe4 Be7xh4
14.O-O b6
15.Nh2f3 Bh4e7
16.Ne4g3 Bc8b7
17.a3 Ra8d8
18.b4 d5
19.b5 axb5
20.cxb5 Nc6a7
21.a4 c4
22.d4 Be7d6
23.Qd1c2 Na7c8
24.Qc2c3 Bd6xg3
25.fxg3 Qc7xg3
26.Rf1c1 Nc8d6
27.Nf3d2 e5
28.Qc3xg3 Nd6f5
29.Qg3f2 { resign }
1-0

[Event "Tourn. n9723"]
[Site "www.chess-mail.com"]
[Date "2018.02.19"]
[Round "1"]
[White "Add"]
[Black "Bojan"]
[WhiteElo "2100"]
[BlackElo "1970"]
[Result "1-0"]
[Round "1"]
1.c4 g6
2.Nb1c3 Bf8g7
3.e4 d6
4.d3 Bc8d7
5.h3 Nb8c6
6.Ng1f3 h6
7.Qd1d2 Nc6d4
8.Nf3xd4 Bg7xd4
9.Qd2e2 e5
10.Bc1e3 Ng8e7
11.Qe2d2 Bd4xe3
12.Qd2xe3 Ne7c6
13.Bf1e2 Nc6d4
14.Qe3d2 c6
15.O-O a6
16.Ra1b1 Qd8h4
17.Qd2e3 f5
18.exf5 Bd7xf5
19.Nc3e4 Kd7
20.Be2d1 Kc7
21.b4 h5
22.f4 Ra8d8
23.a4 Qh4e7
24.b5 c5
25.Ne4c3 Qe7e6
26.Nc3d5 Kc8
27.bxa6 bxa6
28.fxe5 dxe5
29.Rb1b6 Qe6e8
30.Rb6xa6 Nd4c6
31.Qe3xc5 Bf5d7
32.Qc5b6 Nc6b8
33.Qb6c7 { resign }
1-0

[Event "Tourn. n9741"]
[Site "www.chess-mail.com"]
[Date "2018.02.19"]
[Round "1"]
[White "Apdash"]
[Black "Fantomas"]
[WhiteElo "2220"]
[BlackElo "2280"]
[Result "0-1"]
[Round "1"]
1.Ng1f3 d5
2.d4 Ng8f6
3.g3 h6
4.Bf1g2 Bc8f5
5.Nb1d2 e6
6.c4 Bf8b4
7.Qd1a4 Nb8c6
8.Nf3e5 O-O
9.Ne5xc6 Bb4xd2
10.Bc1xd2 bxc6
11.Qa4xc6 Ra8b8
12.cxd5 exd5
13.Bd2c3 Rf8e8
14.e3 Bf5d3
15.Ra1d1 Bd3b5
16.Qc6c5 c6
17.Rd1a1 Qd8d7
18.Bg2f1 Bb5xf1
19.Rh1xf1 Nf6e4
20.Qc5a3 Rb8b7
21.f3 Ne4d6
22.Ke2 Nd6c4
23.Qa3a4 Nc4xb2
24.Qa4c2 Nb2c4
25.e4 dxe4
26.fxe4 Qd7g4
27.Kf2 Qg4xe4
28.Qc2xe4 Re8xe4
29.Kf3 Re4e3
{ resign }
0-1

[Event "Match"]
[Site "www.echecsemail.com"]
[Date "2018.02.19"]
[Round "1"]
[White "Muderfuger"]
[Black "Silikon"]
[WhiteElo "1629"]
[BlackElo "1760"]
[Result "0-1"]
[Round "1"]
1.Ng1h3 b6
2.e4 e5
3.d3 Bc8b7
4.Nb1c3 Nb8c6
5.Qd1f3 Nc6d4
6.Qf3d1 Ng8f6
7.Bc1e3 d5
8.exd5 Nf6xd5
9.g4 Nd5xe3
10.Qd1d2 Nd4f3
11.Ke2 Nf3xd2
12.Kxd2 Bb7xh1
13.Kxe3 Qd8d4
14.Kd2 Bf8b4
15.Bf1g2 Bh1xg2
16.Nh3g5 Qd4f4
17.Ke2 Qf4xg5
18.Nc3d5 Bg2xd5
19.a3 Qg5xg4
20.f3 Qg4xf3

0-1

[Event "Match"]
[Site "www.echecsemail.com"]
[Date "2018.02.19"]
[Round "1"]
[White "Emmanuel69"]
[Black "Apdash"]
[WhiteElo "1960"]
[BlackElo "2330"]
[Result "0-1"]
[Round "1"]
1.c4 e5
2.Nb1c3 Ng8f6
3.d3 Bf8e7
4.g3 c6
5.Bf1g2 O-O
6.Ng1f3 d6
7.O-O Bc8g4
8.h3 Bg4e6
9.e4 Nb8a6
10.a3 h6
11.Bc1e3 Qd8d7
12.Kh2 Na6c7
13.b3 Nf6h7
14.b4 f5
15.Be3c1 fxe4
16.Nc3xe4 Rf8f7
17.Bc1e3 Ra8f8
18.Nf3g1 b6
19.Qd1e2 d5
20.cxd5 cxd5
21.Ne4d2 d4
22.Be3xh6 gxh6
23.h4 Be7f6
24.Ra1c1 Nc7d5
25.Bg2xd5 Be6xd5
26.f3 Rf7g7
27.Nd2e4 Bd5xe4
28.dxe4 d3
29.Qe2d2 Rf8d8
30.Rf1d1 Qd7e7
31.Kh3 h5
32.Qd2e3 Qe7e6
33.Kh2 Qe6a2
34.Rd1d2 Qa2xa3
35.Rc1b1 Rd8d4
36.b5 Rg7c7
37.Rb1b2 Bf6g7
38.Rb2a2 Qa3d6
39.Ng1h3 Bg7h6
40.f4 exf4
41.Nh3xf4 Rc7e7
42.Ra2b2 Nh7f6
43.Qe3f3 Re7xe4
44.Rd2xd3 Rd4xd3
45.Qf3g2 Nf6g4
46.Kh3 Qd6xf4
47.Rb2f2 Ng4xf2
{ resign }
0-1

[Event "Match"]
[Site "www.echecsemail.com"]
[Date "2018.02.19"]
[Round "1"]
[White "Jjmcbride"]
[Black "Dalen"]
[WhiteElo "1640"]
[BlackElo "1379"]
[Result "1-0"]
[Round "1"]
1.e4 e5
2.Ng1f3 d6
3.d4 c6
4.d5 Nb8d7
5.Bf1c4 Nd7b6
6.Bc4b3 Bc8g4
7.a4 c5
8.a5 Nb6d7
9.Bb3c4 Ng8f6
10.Nb1c3 Qd8c8
11.Qd1d3 h5
12.Nf3h4 b6
13.f3 b5
14.Bc4xb5 Bg4xf3
15.Qd3xf3 Nf6xd5
16.exd5 Bf8e7
17.Nh4f5 Be7h4
18.Nf5xh4 a6
19.Bb5c6 g5
20.Nh4f5 g4
21.Qf3e3 Ra8b8
22.Nf5xd6  { time }
1-0

[Event "Match"]
[Site "www.echecsemail.com"]
[Date "2018.02.19"]
[Round "1"]
[White "Muderfuger"]
[Black "Iko"]
[WhiteElo "1610"]
[BlackElo "1660"]
[Result "0-1"]
[Round "1"]
1.e4 e5
2.Ng1f3 Nb8c6
3.Nb1a3 Bf8xa3
4.bxa3 Ng8f6
5.Bc1b2 d6
6.Bf1c4 d5
7.exd5 Nf6xd5
8.O-O Bc8g4
9.h3 Bg4xf3
10.gxf3 Nd5f4
11.Rf1e1 Qd8g5
12.Kf1 Qg5g2
{ resign }
0-1

[Event "Match"]
[Site "www.echecsemail.com"]
[Date "2018.02.19"]
[Round "1"]
[White "Sonny1000"]
[Black "Caroluigi"]
[WhiteElo "1550"]
[BlackElo "1660"]
[Result "0-1"]
[Round "1"]
1.e4 e5
2.c3 c5
3.c4 Ng8f6
4.f3 Nb8c6
5.Ng1e2 Bf8e7
6.a3 O-O
7.Ne2g3 d6
8.Nb1c3 Qd8a5
9.d3 Bc8d7
10.Bc1e3 Nc6d4
11.Ra1c1 Bd7a4
12.Qd1xa4 Qa5b6
13.Qa4b5 Nd4xb5
14.Nc3d5 Nf6xd5
15.Be3f2 Nb5xa3
16.cxd5 Qb6xb2
17.Ng3e2 Be7g5
18.Kd1 Qb2d2

0-1

[Event "Tourn. n9646"]
[Site "www.chess-mail.com"]
[Date "2018.02.20"]
[Round "1"]
[White "Jopesilo"]
[Black "Vios"]
[WhiteElo "2059"]
[BlackElo "2250"]
[Result "1-0"]
[Round "1"]
1.e4 c6
2.d4 d5
3.e5 c5
4.dxc5 Nb8c6
5.Bf1b5 e6
6.Bc1e3 Ng8e7
7.c3 Ne7g6
8.Ng1f3 Bc8d7
9.Bb5xc6 Bd7xc6
10.O-O Bf8e7
11.Nb1d2 O-O
12.b4 Qd8c7
13.Be3d4 b6
14.cxb6 axb6
15.a4 Bc6b7
16.Nd2b3 Rf8b8
17.a5 bxa5
18.Nb3xa5 Bb7a6
19.Rf1e1 Ng6f4
20.Re1e3 Nf4g6
21.g3 Ba6b5
22.Re3e1 Ng6f8
23.Nf3d2 Nf8d7
24.f4 Nd7b6
25.Qd1f3  { time }
1-0

[Event "Tourn. n9684"]
[Site "www.chess-mail.com"]
[Date "2018.02.20"]
[Round "1"]
[White "Bojan"]
[Black "Sahlapalat"]
[WhiteElo "1960"]
[BlackElo "2090"]
[Result "0-1"]
[Round "1"]
1.e4 c5
2.Ng1f3 d6
3.c3 Ng8f6
4.d3 Nb8c6
5.Nb1d2 e6
6.d4 cxd4
7.cxd4 Bf8e7
8.Bf1b5 O-O
9.e5 dxe5
10.dxe5 Nf6d5
11.Nd2e4 Qd8a5
12.Bc1d2 Qa5xb5
13.Ra1b1 Nd5b4
14.Bd2xb4 Be7xb4
15.Ne4c3 Nc6xe5
16.Nf3d2 Ne5d3
17.Kf1 Bb4xc3
18.bxc3 Qb5f5
19.Nd2f3 b6
20.Qd1e2 Bc8a6
21.Kg1 Nd3f4
22.Qe2e1 Nf4e2
{ resign }
0-1

[Event "Tourn. n9677"]
[Site "www.chess-mail.com"]
[Date "2018.02.20"]
[Round "1"]
[White "Coolant"]
[Black "Apdash"]
[WhiteElo "2350"]
[BlackElo "2250"]
[Result "1-0"]
[Round "1"]
1.Nb1c3 d5
2.d4 Ng8f6
3.f3 e6
4.Bc1g5 c5
5.e4 dxe4
6.dxc5 Qd8xd1
7.Ra1xd1 Bf8xc5
8.Bg5xf6 gxf6
9.Nc3xe4 Bc5e7
10.Bf1b5 Bc8d7
11.Bb5xd7 Nb8xd7
12.Ng1e2 f5
13.Ne4d6 Be7xd6
14.Rd1xd6 Ke7
15.Rd6d3 Nd7e5
16.Rd3c3 Ra8c8
17.Kd2 Rc8xc3
18.Kxc3 Rh8d8
19.Ne2d4 Rd8c8
20.Kb3 a6
21.Rh1e1 Kf6
22.Re1e3 Ne5c4
23.Re3c3 b5
24.a4 bxa4
25.Kb4 a5
26.Kb5 a3
27.Rc3xa3 Nc4xb2
28.Ra3xa5 Nb2d1
29.c4 Nd1e3
30.c5 e5
31.Ra5a6 Kg5
32.Nd4c6 Ne3xg2
33.Nc6xe5 Rc8c7
34.Kb6 Rc7e7
35.Ne5d3 Re7e3
36.Ra6a3 Re3xf3
37.c6 Ng2e3
38.Kc5 Ne3c2
39.Ra3c3 Nc2e1
40.Kd4 Ne1xd3
41.Rc3xd3 Rf3f4
42.Ke5 Rf4c4
43.Rd3g3 Kh4
44.Kd6 f4
45.Rg3g7 f5
46.Rg7xh7 Kg4
47.Rh7g7 Kh4
48.c7 f3
49.Rg7g3 f4
50.Rg3xf3 Kg4
51.Rf3f2 f3
52.Rf2b2 Kf4
53.Kd7 Rc4d4
54.Kc6 Rd4c4
55.Kb7 Ke3
56.c8Q Rc4xc8
57.Kxc8 f2
58.Rb2xf2 Kxf2
59.h4 { resign }
1-0

[Event "Tourn. n9677"]
[Site "www.chess-mail.com"]
[Date "2018.02.20"]
[Round "1"]
[White "Coolant"]
[Black "Tartan"]
[WhiteElo "2350"]
[BlackElo "2550"]
[Result "0-1"]
[Round "1"]
1.Nb1c3 d5
2.d4 Bc8f5
3.f3 e6
4.e4 Bf5g6
5.Bc1f4 Ng8f6
6.e5 Nf6d7
7.Bf1d3 c5
8.Ng1e2 Nb8c6
9.Bd3b5 cxd4
10.Ne2xd4 Qd8b6
11.Bb5xc6 bxc6
12.Nc3a4 Qb6a5
13.c3 c5
14.Nd4e2 Qa5c7
15.O-O Bf8e7
16.Bf4g3 O-O
17.f4 Bg6e4
18.Bg3f2 f6
19.exf6 Nd7xf6
20.Bf2h4 Be7d6
21.Bh4xf6 Rf8xf6
22.Qd1d2 Ra8f8
23.g3 e5
24.fxe5 Bd6xe5
25.Rf1xf6 Rf8xf6
26.Qd2e3 Qc7c6
27.Na4xc5 Rf6f3
{ resign }
0-1